000 00493nam a2200181Ia 4500
003 OSt
005 20200825110728.0
008 190216s9999||||xx |||||||||||||| ||und||
040 _coclc
082 _a530.15
_bRAJ/M
100 _aRajput, B S
_94320
245 0 _aMathematical Physics /
_cB S Rajput
250 _a10th Ed.
260 _bPragathi Prakashan,
_c1995.
_aMeerut:
300 _a982p
650 _aPhysics
942 _cBK
_2ddc
_h530.15
_iRAJ/M
_k530.15
_mRAJ/M
999 _c33427
_d33427